| 000 | 01341nam a2200361 i 4500 | ||
|---|---|---|---|
| 001 | 193496 | ||
| 003 | SpMaBN | ||
| 005 | 20240906173342.0 | ||
| 007 | ta | ||
| 008 | 240102s2011 sp a | |||| 000 p spa | ||
| 017 |
_aM 3197-2011 _bOficina Depósito Legal Madrid |
||
| 020 | _a9788498950656 | ||
| 035 | _a(OCoLC)776737348 | ||
| 035 | _aa5047512 | ||
| 040 |
_aSpMaBN _bspa _cSpMaBN _erdc _dES-MaACL |
||
| 080 | _a821.134.2-14"19" | ||
| 100 | 1 |
_aGarcía Montero, Luis, _d1958- _0XX934748 _eaut _954978 |
|
| 245 | 1 | 3 |
_aUn invierno propio : _b(consideraciones) / _cLuis García Montero |
| 260 |
_aMadrid : _bVisor Libros, _cD.L. 2011. |
||
| 300 |
_a176 p. : _bretrato ; _c23 cm |
||
| 336 |
_2rdacontent _aTexto |
||
| 337 |
_2rdamedia _asin mediación |
||
| 338 |
_2rdacarrier _avolumen |
||
| 490 | 1 |
_aPalabra de honor ; _vn. 15 |
|
| 655 | 7 |
_aPoesías _2tgfbne _9176539 |
|
| 830 | 0 |
_aPalabra de honor (Madrid) ; _v15 _9234801 |
|
| 852 |
_aES-MaACL _bR.154811 _cDEPOJ _jN-9675 _hDonación: José Lázaro García _9200976 _xEncuadernación cartoné con sobrecubiertas |
||
| 903 |
_9234219 _aLázaro García, José _ednr |
||
| 942 |
_n0 _cMONOGRAFIA |
||
| 999 |
_c193496 _d193496 |
||